Biblioteca y Centro de Documentación

Impacto en el sector pesquero gallego de las nuevas tendencias comerciales (Registro nro. 5565)

Detalles MARC
000 -CABECERA
Longitud fija campo de control 01699nam a2200469 c 4500
001 - NÚMERO DE CONTROL
Número de control 5565
003 - IDENTIFICADOR DE NÚMERO DE CONTROL
Identificador del número de control ES-MaCES
005 - FECHA Y HORA DE LA ÚLTIMA TRANSACCIÓN
Fecha y hora de la última transacción 20141221121806.0
008 - CAMPO FIJO DE DESCRIPCIÓN FIJA--INFORMACIÓN GENERAL
Códigos de información de longitud fija   970619s1997 sp d ||| | spa d
017 ## - NÚMERO DE REGISTRO DE DERECHOS DE AUTOR Y DEPÓSITO LEGAL
Número de copyright o de depósito legal C-399-97
Agencia que asigna el número DL
020 ## - ISBN (INTERNATIONAL STANDARD BOOK NUMBER)
Número Internacional Normalizado para Libros (ISBN) 8489231338
035 ## - NÚMERO DE CONTROL DEL SISTEMA
Número de control del sistema CES19980056089m
040 ## - FUENTE DE CATALOGACIÓN
Centro catalogador de origen ES-MaCES
Lengua de catalogación spa
Centro transcriptor ES-MaCES
245 00 - MENCIÓN DE TÍTULO
Título Impacto en el sector pesquero gallego de las nuevas tendencias comerciales
Mención de responsabilidad, etc. equipo de realización, Manuel M. Varela Lafuente... [et al.] ; becaria, Ana Belén Comparada Pereira
260 ## - PUBLICACIÓN, DISTRIBUCIÓN, ETC (PIE DE IMPRENTA)
Lugar de publicación, distribución, etc. [La Coruña?]
Nombre del editor, distribuidor, etc. Fundación CaixaGalicia
Fecha de publicación, distribución, etc. D.L. 1997
300 ## - DESCRIPCIÓN FÍSICA
Extensión 267 p.
Otras características físicas gráf. col.
Dimensiones 28 cm
490 1# - MENCIÓN DE SERIE
Mención de serie Economía. Serie Estudios sectoriales
Designación de volumen o secuencia 13
504 ## - NOTA DE BIBLIOGRAFÍA, ETC.
Nota de bibliografía, etc. Bibliografía: p. 265-267
541 ## - NOTA DE LA FUENTE INMEDIANTE DE ADQUISICIÓN
Forma de adquisición Gratuito
650 #4 - ASIENTO SECUNDARIO DE MATERIA--TÉRMINO DE MATERIA
Término de materia o nombre geográfico como elemento inicial pesca
9 (RLIN) 27611
650 #4 - ASIENTO SECUNDARIO DE MATERIA--TÉRMINO DE MATERIA
Término de materia o nombre geográfico como elemento inicial desarrollo de la industria pesquera
9 (RLIN) 27609
650 #4 - ASIENTO SECUNDARIO DE MATERIA--TÉRMINO DE MATERIA
Término de materia o nombre geográfico como elemento inicial Galicia
9 (RLIN) 30804
650 #4 - ASIENTO SECUNDARIO DE MATERIA--TÉRMINO DE MATERIA
Término de materia o nombre geográfico como elemento inicial producción pesquera
9 (RLIN) 29735
650 #4 - ASIENTO SECUNDARIO DE MATERIA--TÉRMINO DE MATERIA
Término de materia o nombre geográfico como elemento inicial oferta y demanda
9 (RLIN) 27894
650 #4 - ASIENTO SECUNDARIO DE MATERIA--TÉRMINO DE MATERIA
Término de materia o nombre geográfico como elemento inicial mercado interior
9 (RLIN) 27898
650 #4 - ASIENTO SECUNDARIO DE MATERIA--TÉRMINO DE MATERIA
Término de materia o nombre geográfico como elemento inicial red de distribución
9 (RLIN) 27944
650 #4 - ASIENTO SECUNDARIO DE MATERIA--TÉRMINO DE MATERIA
Término de materia o nombre geográfico como elemento inicial consumo interno
9 (RLIN) 27909
650 #4 - ASIENTO SECUNDARIO DE MATERIA--TÉRMINO DE MATERIA
Término de materia o nombre geográfico como elemento inicial precio
9 (RLIN) 27915
650 #4 - ASIENTO SECUNDARIO DE MATERIA--TÉRMINO DE MATERIA
Término de materia o nombre geográfico como elemento inicial mercado internacional
9 (RLIN) 27969
650 #4 - ASIENTO SECUNDARIO DE MATERIA--TÉRMINO DE MATERIA
Término de materia o nombre geográfico como elemento inicial comercio internacional
9 (RLIN) 27958
650 #4 - ASIENTO SECUNDARIO DE MATERIA--TÉRMINO DE MATERIA
Término de materia o nombre geográfico como elemento inicial política comercial
9 (RLIN) 27949
650 #4 - ASIENTO SECUNDARIO DE MATERIA--TÉRMINO DE MATERIA
Término de materia o nombre geográfico como elemento inicial política comunitaria
9 (RLIN) 30776
650 #4 - ASIENTO SECUNDARIO DE MATERIA--TÉRMINO DE MATERIA
Término de materia o nombre geográfico como elemento inicial cuadros estadísticos
9 (RLIN) 28890
653 10 - TÉRMINO DE INDEXACIÓN--NO CONTROLADO
Término no controlado Pesca
700 1# - ENCABEZAMIENTO SECUNDARIO--NOMBRE PERSONAL
Nombre de persona Varela Lafuente, Manuel M.
Término indicativo de función red.
9 (RLIN) 25527
700 1# - ENCABEZAMIENTO SECUNDARIO--NOMBRE PERSONAL
Nombre de persona Comparada Pereira, Ana Belén
Término indicativo de función col.
9 (RLIN) 9869
710 1# - ENCABEZAMIENTO SECUNDARIO--NOMBRE CORPORATIVO
Nombre de entidad o nombre de jurisdicción como elemento inicial Fundación Caixa Galicia
Término indicativo de función ed.
9 (RLIN) 3769
830 #0 - ENCABEZAMIENTO SECUNDARIO DE COLECCIÓN--TÍTULO UNIFORME
Título uniforme Economía (Fundación Caixa Galicia)
Nombre de parte o sección de la obra Serie Estudios sectoriales
Designación de volumen o secuencia 13
9 (RLIN) 32858
902 ## - CES. TIPO DE DOCUMENTO
Tipodoc (006$c Sirtex) LIB Libro
942 ## - ELEMENTOS KOHA
Fuente de clasificaión o esquema Clasificación propia del CES
Koha [por defecto] tipo de item Monografías
Parte de clasificación 5.1.
Existencias
Número de registro Signatura completa Tipo de item de Koha
020631 DPT-11044 Monografías
© CES, Consejo Económico y Social de España 2021